000 00900cam a22002533a 4500
001 40683
003 PGUSA
005 20140828083917.0
008 120905s2012||||xxu|||||s|||||000 | eng d
040 _aPGUSA
_beng
042 _adc
050 4 _aPZ
100 1 _aAlcott, Louisa May,
_d1832-1888
245 1 0 _aLulu's Library, Volume III (of 3)
_h[electronic resource] /
_cLouisa May Alcott
260 _bProject Gutenberg,
_c2012
505 0 _aRecollections of my childhood -- A Christmas turkey, and how it came -- The silver party -- The blind lark -- Music and macaroni -- The little red purse -- Sophie's secret -- Dolly's bedstead -- Trudel's siege.
506 _aPublic domain in the USA.
516 _aElectronic text
653 _aChildren's stories
653 _aFairy tales
830 0 _aProject Gutenberg
_v40683
856 4 0 _uhttp://www.gutenberg.org/ebooks/40683
942 _cEB
999 _c269935
_d269935